El futuro de Europa : entre la economía y la guerra /
محفوظ في:
| مؤلفون آخرون: | |
|---|---|
| التنسيق: | كتاب |
| اللغة: | الإسبانية |
| منشور في: |
México :
UAM Xochimilco, División de Ciencias Sociales y Humanidades : Fides,
2024, c2024
|
| الموضوعات: | |
| الوسوم: |
لا توجد وسوم, كن أول من يضع وسما على هذه التسجيلة!
|
MARC
| LEADER | 00000nam^a2200000^a^4500 | ||
|---|---|---|---|
| 001 | 000627060 | ||
| 005 | 20260123000000.0 | ||
| 009 | 20260310134046.972 | ||
| 020 | |a 978-607-28-3309-8 | ||
| 020 | |a 978-607-5901-27-5 | ||
| 037 | |a Acervo ITESO - Biblioteca | ||
| 041 | |a ESP | ||
| 082 | |a 320. 9406 |b FUT | ||
| 245 | 0 | 3 | |a El futuro de Europa : |b entre la economía y la guerra / |c Coord. de B.N. Pérez Rodríguez... [et al.]. |
| 264 | 4 | |a México : |b UAM Xochimilco, División de Ciencias Sociales y Humanidades : |b Fides, |c 2024, c2024 | |
| 300 | |a 402 p. | ||
| 336 | |a texto |b txt |2 rdacontenido | ||
| 337 | |a sin mediación |b n |2 rdamedio | ||
| 338 | |a volumen |b nc |2 rdasoporte | ||
| 521 | |a FIL 2025 DIA | ||
| 649 | |a XX | ||
| 650 | |a Guerra y Paz - |z Ucrania - |x Aspectos Económicos | ||
| 650 | |a Guerra y Paz - |z Ucrania - |x Aspectos Políticos | ||
| 650 | |a Guerra Ruso-Ucraniana, 2014 en Adelante - |x Historia | ||
| 650 | |a Seguridad Nacional - |z Europa - |x Historia - |y Siglo XXI | ||
| 650 | |a Recursos Energéticos - |z Europa - |x Historia - |y Siglo XXI | ||
| 650 | |a Política Energética - |z Europa - |x Historia - |y Siglo XXI | ||
| 650 | |a Economía - |z Europa - |x Historia - |y Siglo XXI | ||
| 650 | |a Política Exterior - |z Europa - |x Historia - |y Siglo XXI | ||
| 650 | |a Política - |z Europa - |x Historia - |y Siglo XXI - |x Tema Principal | ||
| 650 | |a Europa - |x Condiciones Económicas | ||
| 650 | |a Europa - |x Condiciones Políticas | ||
| 700 | |a Pérez Rodríguez, Beatriz Nadia |e (coordinación) | ||
| 910 | |a Fondo General | ||
| 920 | |a Impresos - Libros | ||
| 930 | |a Colección General | ||
| 905 | |a 101 | ||
| 901 | |a 627060-10 |b IT1 |c ACC |i C192469 |u 20260123 | ||
| 902 | |a https://opac.biblio.iteso.mx/vufind/Record/000627060 | ||